Logo biblioteca
Santa Fe 2917, Rosario, Santa Fe
Lu-Vi 8 a 19.45
+54-341-4232362
bibliotecaeudoro@gmail.com
Facebook Biblioteca Pedagógica
Sitio web

Co-diseño de un dispositivo pedagógico de sensibilización. (Registro nro. 32538)

Detalles MARC
000 -CABECERA
campo fijo de control de longitud 01737nab a2200289 4500
003 - IDENTIFICADOR DEL NÚMERO DE CONTROL
campo de control AR-RoBPED
005 - FECHA Y HORADE LA ULTIMA TRANSACCION
campo de control 20260409105957.0
008 - ELEMENTOS DE LONGITUD FIJA--INFORMACION GENERAL
campo fijo de control de longitud 260409b |||||||| |||| 00| 0 spa d
040 ## - FUENTE CATALOGADORA
Centro catalogador/agencia de origen AR-RoBPED
041 ## - IDIOMA
Código de idioma para texto/pista de sonido o título independiente spa
100 1# - ENCABEZAMIENTO PRINCIPAL--AUTOR PERSONAL
Nombre de persona Figueroa Garro, Luisina
9 (RLIN) 30734
Función Licenciada en Diseño en Comunicación Visual y máster en Diseño Eco-Social
245 1# - TITULO
Título Co-diseño de un dispositivo pedagógico de sensibilización.
Subtítulo Los derechos de los chicos con padres privados de libertad /
260 ## - PUBLICACION
Lugar Buenos Aires :
Editor Noveduc,
Fecha 2025
300 ## - DESCRIPCION FISICA
Extensión 66-69 p.
500 ## - NOTA GENERAL
Nota general Este texto tiene su origen en una tesis de maestría del Máster en Diseño Eco-Social de la Universidad de Bolzano, Italia,2024, denominada "Permanecer con los niños. Co-diseño de un dispositivo pedagógico que visibilice y permita a los profesores apoyar a los niños con padres encarcelados". El trabajo se realizó en conjunto con el Instituto de Formación Docente de la provincia de San Luis, confiando en que la formación docente es el espacio apropiado para la formación en la sensibilidad, la empatía y la inclusión que conlleva una disponibilidad hacia un otro, y un posicionamiento ético frente al mundo.
650 #7 - TERMINO DE MATERIA--CONTROLADO
Término controlado INCLUSION EDUCATIVA
9 (RLIN) 19761
Término controlado DERECHOS DEL NIÑO
9 (RLIN) 772
Término controlado ROL DEL DOCENTE
9 (RLIN) 869
Término controlado INTERVENCIÓN SOCIAL
9 (RLIN) 21020
Término controlado EXPERIENCIAS EDUCACIONALES
9 (RLIN) 18339
Término controlado FORMACION DE DOCENTES
9 (RLIN) 1259
Término controlado INCLUSION SOCIAL
9 (RLIN) 18919
Término controlado APOYO ESCOLAR
9 (RLIN) 22616
773 0# - DOCUMENTO FUENTE
Host Biblionumber 20414
Host Itemnumber 41867
Place, publisher, and date of publication Buenos Aires : Noveduc, 1993-
Título Novedades Educativas
Record control number (AR-RoBPED)20414
International Standard Serial Number 03283534
942 ## - ELEMENTOS KOHA
Fuente de clasificación Universal Decimal Classification
Koha tipo de ítem Revistas
Clasificación 37(05)
Signatura librística Nov 86 N° 400 (Febr.2025)
Número Koha k. 32538
945 ## - PROCESAMIENTO DE LA INFORMACIÓN LOCAL
Catalogador y fecha mar 04/2026

No hay ítems disponibles.